Statystyki dla Wszystkie państwa z Wiedźmina

Kliknij tutaj aby rozwiązać quiz!

Ogólne statystyki

  • Ten quiz został rozwiązany 219 razy
  • Średni wynik to 5 z 8

Statystyki odpowiedzi

umiejscowienie na mapieNazwa cesarstwa lub kraju% Poprawnych
PółnocTemeria
92%
Południecesarstwo Nilfgaardu
91%
PółnocRedania
85%
PółnocRivia
51%
PółnocLyria
45%
PółnocWyspy Skellige
37%
PołudnieToussaint
36%
PółnocWolne miasto Novigrad
23%

Rozkład punktacji

Percentyl według liczby udzielonych odpowiedzi

Procent ludzi z każdym wynikiem

Twoja historia wyników

Nie rozwiązałeś tego quizu